Raimundo Sesma : meditativo, 1989-2003 /
El presente libro es el catálogo de la exposición homónima de Raimundo Sesma, presentada por el Museo de Arte Moderno de la Ciudad de México, de agosto a octubre de 2003.
محفوظ في:
| المؤلف الرئيسي: | |
|---|---|
| مؤلف مشترك: | |
| مؤلفون آخرون: | , , |
| التنسيق: | كتاب |
| اللغة: | الإسبانية |
| منشور في: |
México :
Museo de Arte Moderno,
2003, c2003
|
| الموضوعات: | |
| الوسوم: |
لا توجد وسوم, كن أول من يضع وسما على هذه التسجيلة!
|
MARC
| LEADER | 00000nam^a2200000^a^4500 | ||
|---|---|---|---|
| 001 | 000181801 | ||
| 005 | 20250521000000.0 | ||
| 009 | 20260310101946.646 | ||
| 020 | |a 970-35-0322-5 | ||
| 037 | |a Acervo ITESO - Biblioteca | ||
| 041 | |a ESP | ||
| 082 | |a 709. 72 |b SES LOZ | ||
| 100 | |a Sesma, Raimundo |e (autor) | ||
| 245 | 1 | 0 | |a Raimundo Sesma : |b meditativo, 1989-2003 / |c R. Sesma ; Museo de Arte Moderno ; texto de L.M. Lozano... [et al.] ; presen. de S. Bermúdez, S. Juárez. |
| 264 | 4 | |a México : |b Museo de Arte Moderno, |c 2003, c2003 | |
| 300 | |a 238 p. | ||
| 336 | |a texto |b txt |2 rdacontenido | ||
| 337 | |a sin mediación |b n |2 rdamedio | ||
| 338 | |a volumen |b nc |2 rdasoporte | ||
| 520 | |a El presente libro es el catálogo de la exposición homónima de Raimundo Sesma, presentada por el Museo de Arte Moderno de la Ciudad de México, de agosto a octubre de 2003. | ||
| 545 | 0 | |a Raymundo Sesma (San Cristóbal de la Casas, 1954), estudió serigrafía y litografía en Toronto. Desde 1980 alterna su residencia entre Europa (Milán, particularmente) y México. Sesma es un artista polifacético, que lo mismo se vale de la pintura, que de la instalación, el video y otras formas del arte posmoderno. Sostiene una postura estética de defensa del papel crítico que el arte debe cumplir en la sociedad, pero no en términos de la banalización propagandística, sino de la generación de ideas a partir de los signos expresados en la obra. Existen trabajos suyos en el MOMA de Nueva York, el Victoria and Albert Museum de Londres, el Museo de Arte Moderno de Bogotá, el Museo de Arte Moderno de París, el Museo José Luis Cuevas de México, el Museo Regional de Puebla, entre otros. Forma parte del Sistema Nacional de Creadores desde 1999. | |
| 649 | |a XX | ||
| 650 | |a Pintores Mexicanos | ||
| 650 | |a Artistas Mexicanos | ||
| 650 | |a Instalaciones (Arte) - |z México - |x Historia y Crítica | ||
| 650 | |a Video-Arte - |z México - |x Historia y Crítica | ||
| 650 | |a Pintura Mexicana - |y Siglo XX | ||
| 650 | |a Pintura Mexicana - |x Historia y Crítica | ||
| 650 | |a Pintura Mexicana - |x Exposiciones | ||
| 650 | |a Arte Mexicano - |y Siglo XX | ||
| 650 | |a Arte Mexicano - |x Historia y Crítica | ||
| 650 | |a Arte Mexicano - |x Exposiciones | ||
| 650 | |a Sesma, Raimundo | ||
| 710 | |a Museo de Arte Moderno (México) | ||
| 700 | |a Lozano, Luis-Martín |e (texto) | ||
| 700 | |a Bermúdez, Sari |e (presentación) | ||
| 700 | |a Juárez, Saúl |e (presentación) | ||
| 910 | |a Fondo General | ||
| 920 | |a Impresos - Libros | ||
| 930 | |a Reserva Especial | ||
| 905 | |a 103 | ||
| 901 | |a 0500121352 |b IT1 |c REE |u 20250521 | ||
| 902 | |a https://opac.biblio.iteso.mx/vufind/Record/000181801 | ||